[Event "EYCC 2017"]
[Site "Mamaia"]
[Date "2017.09.12"]
[Round "7"]
[White "Kostecka, Marika"]
[Black "Represa Perez, Mireya"]
[Result "0-1"]
[WhiteElo "1811"]
[BlackElo "2082"]
[Annotator "NA RC"]
[PlyCount "164"]
[EventDate "2017.??.??"]
[EventType "swiss"]
[EventCountry "ROU"]
[SourceTitle "playchess.com"]
[Source "ChessBase"]
[SourceQuality "1"]
[TimeControl "40/5400+30:1800+30"]

1. e4 {[%emt 0:00:00]} c5 {[%emt 0:00:05]} 2. Nf3 {[%emt 0:00:00]} d6 {[%emt 0:00:05]} 3. d4 {[%emt 0:00:00]} cxd4 {[%emt 0:00:05]} 4. Nxd4 {[%emt 0:00:00]} Nf6 {[%emt 0:00:06]} 5. Nc3 {[%emt 0:00:08]} a6 {[%emt 0:00:04]} 6. Be3 {[%emt 0:00:05]} e5 {[%emt 0:00:09]} 7. Nb3 {[%emt 0:00:05]} Be7 {[%emt 0:00:13]} 8. f3 {[%emt 0:00:05]} Be6 {[%emt 0:00:16]} 9. Qd2 {[%emt 0:00:04]} O-O {[%emt 0:00:09]} 10. O-O-O {[%emt 0:00:05]} Qc7 {[%emt 0:00:06]} 11. g4 {[%emt 0:00:51]} Rc8 {[%emt 0:00:18]} 12. Kb1 {[%emt 0:00:39] B90: Sizilianisch (Najdorf-Variante, Abweichungen)} (12. g5 Nh5 13. Kb1 Nd7 14. Nd5 Bxd5 15. exd5 a5 16. Bh3 a4 17. Nc1 Nf4 18. Bxf4 exf4 19. Bxd7 Qxd7 20. h4 Rc4 21. Ne2 Rac8 22. c3 {½-½ (32) So,W (2667)-Bu,X (2662) Mashhad 2011}) 12... d5 {[%emt 0:00:34]} 13. Nxd5 {[%emt 0:08:29]} Nxd5 {[%emt 0:00:12]} 14. exd5 {[%emt 0:00:06]} Bxd5 {[%emt 0:00:12]} 15. Qf2 {[%emt 0:08:15]} Be6 {[%emt 0:06:59]} 16. Bd3 Nc6 $146 {[%emt 0:08:13]} ({Vorgänger:} 16... Nd7 17. g5 a5 18. a4 Nc5 19. Nxc5 Bxc5 20. Bxc5 Qxc5 21. Qxc5 Rxc5 {½-½ (47) Cerbulenco,L (2203)-Krupenski,J (2277) Tromsoe 2014}) 17. Bb6 {[%emt 0:15:57]} Qb8 {[%emt 0:01:19]} 18. Nc5 {[%emt 0:04:56]} Nd4 {[%emt 0:11:13]} 19. Nxe6 {[%emt 0:03:24]} Nxe6 {[%emt 0:00:11]} 20. Bf5 {[%emt 0:01:42]} Rc6 {[%emt 0:05:10]} 21. Rd7 {[%emt 0:06:16]} Bf6 {[%emt 0:18:44]} 22. Be4 {[%emt 0:03:08]} Rd6 {[%emt 0:10:52]} 23. Rxb7 {[%emt 0:01:40]} Qc8 {[%emt 0:00:14]} 24. h4 {[%emt 0:03:26]} g6 {[%emt 0:06:09]} 25. g5 {[%emt 0:02:37]} Bg7 {[%emt 0:00:06]} 26. Be3 {[%emt 0:01:28]} Qd8 {[%emt 0:02:34]} 27. Qg1 {[%emt 0:07:26]} Nf4 {[%emt 0:05:16]} 28. Bc5 {[%emt 0:06:48]} Rd2 29. Bb6 {[%emt 0:02:57]} Qe8 {[%emt 0:09:12]} 30. Qe1 $18 {[%emt 0:09:25]} Re2 {[%emt 0:03:14]} 31. Qb4 {[%emt 0:00:59]} Bf8 {[%emt 0:02:41]} 32. Qc4 {[%emt 0:00:38]} Rc8 {[%emt 0:03:11]} 33. Qxa6 {[%emt 0:00:47]} Rxe4 {[%emt 0:04:14]} 34. fxe4 {[%emt 0:01:13]} Qc6 {[%emt 0:00:05]} 35. Rc1 {[%emt 0:02:11]} Ne2 {[%emt 0:01:38]} 36. Qxe2 {[%emt 0:01:19]} Qxb7 {[%emt 0:00:05]} 37. Bf2 {[%emt 0:00:28]} Ba3 {[%emt 0:01:07]} 38. c3 {[%emt 0:00:28]} Rc4 {[%emt 0:00:51]} 39. Ka1 {[%emt 0:05:31]} Rxe4 {[%emt 0:00:45]} 40. Qd2 {[%emt 0:00:00]} Bf8 {[%emt 0:00:24]} 41. Re1 {[%emt 0:04:23]} Ra4 {[%emt 0:03:59]} 42. Rxe5 {[%emt 0:03:37]} Qb3 {[%emt 0:01:21]} 43. a3 {[%emt 0:05:25]} Bxa3 {[%emt 0:00:13]} 44. Re8+ {[%emt 0:01:20]} Bf8+ {[%emt 0:00:16]} 45. Kb1 {[%emt 0:00:03]} Qb5 {[%emt 0:04:56]} 46. Rxf8+ {[%emt 0:01:11]} Kxf8 {[%emt 0:00:06]} 47. Qd8+ {[%emt 0:00:05]} Kg7 {[%emt 0:00:07]} 48. Qf6+ {[%emt 0:01:58]} Kg8 {[%emt 0:00:07]} 49. Qd8+ {[%emt 0:00:08]} Kg7 {[%emt 0:00:06]} 50. Bd4+ {[%emt 0:00:06]} Rxd4 {[%emt 0:00:15]} 51. Qxd4+ {[%emt 0:00:03]} Kg8 {[%emt 0:00:08]} 52. c4 {[%emt 0:01:37]} Qf5+ {[%emt 0:00:22]} 53. Ka2 {[%emt 0:00:30]} Qa5+ {[%emt 0:01:51]} 54. Kb3 {[%emt 0:00:41]} Qa8 {[%emt 0:00:06]} 55. c5 {[%emt 0:01:28]} Qf3+ {[%emt 0:01:51]} 56. Qc3 {[%emt 0:02:24]} Qd5+ {[%emt 0:01:47]} 57. Qc4 {[%emt 0:00:41]} Qf3+ {[%emt 0:00:54]} 58. Kb4 {[%emt 0:01:04]} Qb7+ {[%emt 0:00:08]} 59. Qb5 {[%emt 0:00:49]} Qe4+ {[%emt 0:00:25]} 60. Ka5 {[%emt 0:01:43]} Qa8+ {[%emt 0:01:18]} 61. Qa6 {[%emt 0:00:32]} Qd8+ {[%emt 0:00:09]} 62. Qb6 {[%emt 0:00:35]} Qa8+ {[%emt 0:02:32]} 63. Kb5 {[%emt 0:00:10]} Qe8+ {[%emt 0:00:05]} 64. c6 {[%emt 0:00:26]} Qe2+ {[%emt 0:00:41]} 65. Ka5 {[%emt 0:00:30]} Qc4 {[%emt 0:05:02]} 66. c7 {[%emt 0:02:20]} Qd5+ {[%emt 0:00:09]} 67. Ka4 {[%emt 0:00:22]} Qa8+ {[%emt 0:00:32]} 68. Kb4 {[%emt 0:00:25]} Qe4+ {[%emt 0:00:09]} 69. Ka3 {[%emt 0:01:29]} Qa8+ {[%emt 0:00:19]} 70. Kb4 {[%emt 0:00:55]} Qe4+ {[%emt 0:00:09]} 71. Kc5 {[%emt 0:00:26]} Qe5+ {[%emt 0:08:27]} 72. Kc6 {[%emt 0:00:08]} Qe4+ {[%emt 0:00:10]} 73. Kd7 {[%emt 0:00:18]} Qf5+ {[%emt 0:00:55]} 74. Kd8 {[%emt 0:00:14]} Qd5+ {[%emt 0:00:13]} 75. Kc8 {[%emt 0:00:12]} Qa8+ {[%emt 0:02:06]} 76. Qb8 {[%emt 0:00:20]} Qa6+ {[%emt 0:00:10]} 77. Kd7+ {[%emt 0:00:11]} Kg7 {[%emt 0:00:05]} 78. c8=Q {[%emt 0:00:12]} Qe6+ {[%emt 0:00:16]} 79. Kd8 {[%emt 0:01:30]} Qd5+ {[%emt 0:00:06]} 80. Qd7 {[%emt 0:00:52]} Qa5+ {[%emt 0:00:10]} 81. Qbc7 {[%emt 0:00:28]} Qa8+ {[%emt 0:00:19]} 82. Ke7 {[%emt 0:00:44]} Qf8# 0-1

[Event "EYCC 2017"]
[Site "Mamaia"]
[Date "2017.09.12"]
[Round "7"]
[White "Mkrtchyan, Mariam"]
[Black "Khamenya, Vitalia"]
[Result "0-1"]
[WhiteElo "1794"]
[BlackElo "1853"]
[Annotator "NA RC"]
[PlyCount "116"]
[EventDate "2017.??.??"]
[EventType "swiss"]
[EventCountry "ROU"]
[SourceTitle "playchess.com"]
[Source "ChessBase"]
[SourceQuality "1"]
[TimeControl "40/5400+30:1800+30"]

1. d4 {[%emt 0:00:00]} d5 {[%emt 0:00:04]} 2. Nf3 {[%emt 0:00:00]} c5 {[%emt 0:00:11]} 3. g3 {[%emt 0:02:11]} cxd4 {[%emt 0:00:08]} 4. Nxd4 {[%emt 0:00:38]} e5 {[%emt 0:00:13]} 5. Nb3 {[%emt 0:00:01]} Nc6 {[%emt 0:01:06]} 6. Bg2 {[%emt 0:00:01]} Nf6 {[%emt 0:00:18]} 7. Bg5 {[%emt 0:02:10]} Be6 {[%emt 0:00:09]} 8. O-O {[%emt 0:04:52]} Be7 {[%emt 0:02:20] A43: Schmid Benoni} 9. e3 {[%emt 0:02:50]} (9. Bxf6 Bxf6 10. c4 dxc4 11. Nc5 e4 12. Nd2 Bxb2 13. Nxe6 fxe6 14. Rb1 c3 15. Bxe4 Qxd2 16. Qxd2 cxd2 17. Rxb2 {½-½ (31) Svidler,P (2734)-Karjakin,S (2753) Khanty-Mansiysk 2015}) 9... Qd7 {[%emt 0:06:32]} 10. Nc3 {[%emt 0:05:26]} O-O-O {[%emt 0:01:03]} 11. Na4 {[%emt 0:06:17]} h6 $146 {[%emt 0:11:58]} ({Predecessor:} 11... Bh3 12. Nac5 Qf5 13. Bxf6 gxf6 14. Qe2 a6 15. e4 Qg4 16. Qxg4+ Bxg4 17. exd5 {1-0 (38) Hlavnicka,J (2241)-Moravec,M (2281) Czechia 2001}) 12. Nbc5 {[%emt 0:06:50]} Bxc5 {[%emt 0:01:03]} 13. Nxc5 {[%emt 0:00:52]} Qe7 {[%emt 0:01:13]} 14. Bxf6 {[%emt 0:02:15]} gxf6 {[%emt 0:00:49]} 15. Nxe6 {[%emt 0:01:07]} fxe6 {[%emt 0:00:16]} 16. c4 {[%emt 0:02:10]} e4 {[%emt 0:01:39]} 17. f4 {[%emt 0:09:09]} Nb4 {[%emt 0:03:59]} 18. cxd5 {[%emt 0:18:30]} exd5 {[%emt 0:03:45]} 19. Qd4 {[%emt 0:02:42]} Kb8 {[%emt 0:00:51]} 20. Rf2 {[%emt 0:02:24]} h5 {[%emt 0:02:29]} 21. Kh1 {[%emt 0:07:35]} Rc8 {[%emt 0:16:49]} 22. Rb1 {[%emt 0:02:09]} Rc4 {[%emt 0:06:00]} 23. Qd1 {[%emt 0:03:05]} Nd3 {[%emt 0:01:24]} 24. Rc2 {[%emt 0:00:43]} h4 {[%emt 0:02:06]} 25. g4 {[%emt 0:01:29]} h3 {[%emt 0:03:44]} 26. Bf1 {[%emt 0:00:26]} Qe6 {[%emt 0:03:05]} 27. Rd2 {[%emt 0:12:11]} Rh4 {[%emt 0:02:54]} 28. Bxd3 {[%emt 0:02:59]} exd3 {[%emt 0:00:08]} 29. Qf3 {[%emt 0:00:02]} Qe4 {[%emt 0:10:19]} 30. Qxe4 {[%emt 0:00:48]} dxe4 {[%emt 0:00:12]} 31. Rg1 {[%emt 0:00:19]} Rc5 {[%emt 0:02:30]} 32. Rf2 {[%emt 0:02:28]} Rh6 {[%emt 0:07:39]} 33. a3 {[%emt 0:00:58]} Kc7 {[%emt 0:01:01]} 34. f5 {[%emt 0:00:23]} Kd7 {[%emt 0:02:09]} 35. Rf4 {[%emt 0:00:10]} Re5 {[%emt 0:02:02]} 36. Rc1 {[%emt 0:00:38]} Rh8 {[%emt 0:01:18]} 37. Kg1 {[%emt 0:00:36]} Rc8 {[%emt 0:02:58]} 38. Rxc8 {[%emt 0:00:08]} Kxc8 {[%emt 0:00:01]} 39. Kf1 {[%emt 0:00:07]} Kc7 {[%emt 0:00:19]} 40. Ke1 {[%emt 0:00:00]} Kd6 {[%emt 0:00:59]} 41. Kd1 $19 {[%emt 0:15:30]} Re7 {[%emt 0:07:33]} 42. g5 {[%emt 0:06:37]} fxg5 {[%emt 0:03:30]} 43. Rg4 {[%emt 0:00:06]} Ke5 {[%emt 0:08:55]} 44. Rxg5 {[%emt 0:00:13]} Rh7 {[%emt 0:02:13]} 45. b4 {[%emt 0:04:34]} Kf6 {[%emt 0:00:14]} 46. Rg8 {[%emt 0:00:10]} Kxf5 {[%emt 0:00:27]} 47. Rf8+ {[%emt 0:00:14]} Ke5 {[%emt 0:02:21]} 48. Kd2 {[%emt 0:01:06]} Rg7 {[%emt 0:01:51]} 49. Re8+ {[%emt 0:00:04]} Kd5 {[%emt 0:00:18]} 50. Rd8+ {[%emt 0:00:19]} Kc6 {[%emt 0:01:28]} 51. Re8 {[%emt 0:00:31]} Rg2+ {[%emt 0:01:06]} 52. Kc3 {[%emt 0:00:01]} Rc2+ {[%emt 0:01:45]} 53. Kb3 {[%emt 0:00:05]} Rxh2 {[%emt 0:00:29]} 54. Rxe4 {[%emt 0:00:01]} d2 {[%emt 0:00:40]} 55. Rd4 {[%emt 0:01:33]} Rg2 {[%emt 0:01:14]} 56. Kc2 {[%emt 0:00:05]} h2 {[%emt 0:00:09]} 57. Rh4 {[%emt 0:00:03]} d1=Q+ {[%emt 0:00:18]} 58. Kxd1 {[%emt 0:00:04]} Rg1+ {[%emt 0:00:04]} 0-1

[Event "EYCC 2017"]
[Site "Mamaia"]
[Date "2017.09.12"]
[Round "7"]
[White "Czarnecka, Lidia"]
[Black "Bui, Ngoc Han Julia"]
[Result "1-0"]
[WhiteElo "1792"]
[BlackElo "1850"]
[Annotator "NA RC"]
[PlyCount "67"]
[EventDate "2017.??.??"]
[EventType "swiss"]
[EventCountry "ROU"]
[SourceTitle "playchess.com"]
[Source "ChessBase"]
[SourceQuality "1"]
[TimeControl "40/5400+30:1800+30"]

1. e4 {[%emt 0:00:00]} e6 {[%emt 0:00:04]} 2. d4 {[%emt 0:02:32]} d5 {[%emt 0:00:04]} 3. Nd2 {[%emt 0:00:46]} Nf6 {[%emt 0:01:15]} 4. e5 {[%emt 0:01:48]} Nfd7 {[%emt 0:00:28]} 5. Bd3 {[%emt 0:01:03]} c5 {[%emt 0:00:10]} 6. c3 {[%emt 0:00:11]} Nc6 {[%emt 0:00:09]} 7. Ne2 {[%emt 0:00:12]} cxd4 {[%emt 0:00:16]} 8. cxd4 {[%emt 0:00:16]} f6 {[%emt 0:00:08]} 9. exf6 {[%emt 0:00:59]} Nxf6 {[%emt 0:00:07]} 10. O-O {[%emt 0:00:31]} Bd6 {[%emt 0:00:14]} 11. Nf3 {[%emt 0:01:45]} O-O {[%emt 0:00:07]} 12. Bg5 {[%emt 0:00:44]} h6 {[%emt 0:03:39] C06: French Tarrasch: 3...Nf6 4 e5 Nfd7 5 Bd3 main lines} (12... Qb6 13. Nc3 Qxb2 14. Nb5 Ne4 15. a3 a6 16. Rb1 Qa2 17. Nxd6 Nxd6 18. Bc1 Ne4 19. Bb2 Bd7 20. Nd2 Nxd2 21. Qxd2 {½-½ (93) Tiviakov,S (2609)-Gleizerov,E (2518) Groningen 2016}) 13. Bf4 $146 {[%emt 0:04:14]} ({Find the theoretical novelty and annotate with similar games:} 13. Bh4 Qc7 14. Bg3 Nh5 15. Rc1 Nxg3 16. hxg3 Qf7 17. Nc3 e5 18. dxe5 Nxe5 19. Nxe5 Bxe5 20. Nxd5 Bxb2 21. Rc7 Qe8 22. Ne7+ Kh8 23. Ng6+ Kg8 24. Qb3+ Rf7 25. Rxf7 Qxf7 26. Bc4 {1-0 (26) Ottavi,M (1991)-Ranfagni,S (1970) Bratto 2015}) 13... Ng4 {[%emt 0:06:47]} 14. Bg3 {[%emt 0:01:16]} Bxg3 {[%emt 0:11:32]} 15. hxg3 {[%emt 0:11:08]} ({Better is} 15. Nxg3 $16 Bd7 16. h3) 15... e5 {[%emt 0:07:48]} 16. dxe5 {[%emt 0:01:50]} Ngxe5 {[%emt 0:05:29]} 17. Nxe5 {[%emt 0:06:01]} Nxe5 {[%emt 0:00:07]} 18. Nf4 {[%emt 0:00:49]} Bf5 {[%emt 0:33:12]} 19. Bxf5 {[%emt 0:03:21]} Rxf5 {[%emt 0:00:04]} 20. Qc2 {[%emt 0:05:44]} Qc8 21. Qb3 Nc4 {[%emt 0:11:13]} 22. Rac1 {[%emt 0:17:47]} b5 $18 {[%emt 0:04:45]} (22... Qd7 $16 {keeps fighting.}) 23. Qxb5 {[%emt 0:07:28]} Rb8 {[%emt 0:00:16]} 24. Qa4 {[%emt 0:00:15]} Qb7 {[%emt 0:02:59]} 25. Qc2 {[%emt 0:01:33]} Re5 {[%emt 0:01:50]} 26. b3 {[%emt 0:00:18]} Nb6 {[%emt 0:00:38]} 27. Qg6 {[%emt 0:04:55]} Rbe8 {[%emt 0:02:19]} 28. Rfd1 {[%emt 0:01:14]} Qe7 {[%emt 0:00:42]} 29. Qb1 {[%emt 0:00:40]} Rd8 {[%emt 0:02:02]} 30. Ng6 {[%emt 0:00:48]} Qg5 {[%emt 0:00:29]} 31. f4 {[%emt 0:05:08]} Qxg3 {[%emt 0:00:03]} 32. fxe5 {[%emt 0:00:28]} Qe3+ {[%emt 0:00:53]} 33. Kh1 {[%emt 0:00:18]} d4 {[%emt 0:02:11]} 34. Qd3 {[%emt 0:00:32]} 1-0

[Event "EYCC 2017"]
[Site "Mamaia"]
[Date "2017.09.12"]
[Round "7"]
[White "Zvereva, Margarita"]
[Black "Dubovyk, Anastasiia"]
[Result "0-1"]
[WhiteElo "1790"]
[BlackElo "1785"]
[Annotator "NA RC"]
[PlyCount "83"]
[EventDate "2017.??.??"]
[EventType "swiss"]
[EventCountry "ROU"]
[SourceTitle "playchess.com"]
[Source "ChessBase"]
[SourceQuality "1"]
[TimeControl "40/5400+30:1800+30"]

1. d4 {[%emt 0:00:00]} d5 {[%emt 0:00:11]} 2. c4 {[%emt 0:00:00]} e6 {[%emt 0:00:05]} 3. Nf3 {[%emt 0:00:00]} Nf6 {[%emt 0:00:13]} 4. Bg5 {[%emt 0:00:14]} Be7 {[%emt 0:00:12]} 5. e3 {[%emt 0:00:17]} h6 {[%emt 0:00:26]} 6. Bh4 {[%emt 0:00:05]} O-O {[%emt 0:00:39]} 7. Nc3 {[%emt 0:00:13]} Nbd7 {[%emt 0:02:22]} 8. Qc2 {[%emt 0:00:28]} dxc4 {[%emt 0:13:27]} 9. Bxc4 {[%emt 0:01:59]} Nb6 {[%emt 0:00:52]} 10. Be2 {[%emt 0:05:18]} Nfd5 {[%emt 0:14:36]} 11. Bxe7 Qxe7 {[%emt 0:01:23]} 12. O-O {[%emt 0:11:51]} c6 {[%emt 0:11:20]} 13. Ne5 {[%emt 0:08:45]} Nd7 {[%emt 0:05:03]} 14. Nd3 {[%emt 0:09:11]} Nb4 {[%emt 0:05:07]} 15. Nxb4 {[%emt 0:06:11]} Qxb4 {[%emt 0:00:10]} 16. a3 {[%emt 0:00:47]} Qe7 {[%emt 0:01:14]} 17. Bf3 {[%emt 0:05:14]} Rd8 {[%emt 0:03:27]} 18. b4 {[%emt 0:03:02]} Nf6 {[%emt 0:08:02]} 19. Na4 {[%emt 0:09:14]} e5 {[%emt 0:03:17]} 20. dxe5 {[%emt 0:01:56]} Qxe5 {[%emt 0:00:13]} 21. Nc5 {[%emt 0:02:06]} Bf5 {[%emt 0:18:38]} 22. Qa2 {[%emt 0:17:39]} b6 {[%emt 0:06:15]} 23. Na4 {[%emt 0:06:26]} Be4 {[%emt 0:01:58]} 24. Bxe4 {[%emt 0:01:08]} Nxe4 {[%emt 0:00:25]} 25. Qb2 {[%emt 0:04:00]} Qf5 {[%emt 0:01:41]} 26. Rad1 {[%emt 0:01:51]} b5 {[%emt 0:00:56]} 27. Nc5 {[%emt 0:02:59]} Nxc5 {[%emt 0:00:24]} 28. bxc5 {[%emt 0:00:04]} Qxc5 {[%emt 0:00:33]} 29. Rc1 {[%emt 0:00:25]} Qb6 {[%emt 0:00:37]} 30. g3 {[%emt 0:01:58]} a6 {[%emt 0:01:02]} 31. Qe5 {[%emt 0:00:55]} Rd5 {[%emt 0:00:27]} 32. Qe4 {[%emt 0:00:44]} Rad8 {[%emt 0:00:20]} 33. Rc2 {[%emt 0:00:37]} c5 {[%emt 0:00:17]} 34. Rfc1 {[%emt 0:00:12]} c4 {[%emt 0:00:39]} 35. Rc3 {[%emt 0:00:59]} Qf6 {[%emt 0:00:45]} 36. R1c2 {[%emt 0:00:32]} Qd6 {[%emt 0:00:35]} 37. Rc1 {[%emt 0:00:23]} Rd2 {[%emt 0:00:27]} 38. Qb1 {[%emt 0:00:37]} Qf6 {[%emt 0:00:29]} 39. f4 {[%emt 0:00:29]} Qc6 {[%emt 0:00:23]} 40. e4 {[%emt 0:00:00]} Qc5+ {[%emt 0:00:23]} 41. Kh1 {[%emt 0:00:23]} Qf2 {[%emt 0:00:46]} 42. Rd3 0-1

[Event "EYCC 2017"]
[Site "Mamaia"]
[Date "2017.09.12"]
[Round "7"]
[White "Ince, Safiye Oyku"]
[Black "Stepanyan, Eva"]
[Result "1/2-1/2"]
[WhiteElo "1737"]
[BlackElo "1927"]
[Annotator "NA RC"]
[PlyCount "97"]
[EventDate "2017.??.??"]
[EventType "swiss"]
[EventCountry "ROU"]
[SourceTitle "playchess.com"]
[Source "ChessBase"]
[SourceQuality "1"]
[TimeControl "40/5400+30:1800+30"]

1. e4 {[%emt 0:00:00]} e5 {[%emt 0:00:18]} 2. Nf3 {[%emt 0:00:00]} Nc6 {[%emt 0:00:09]} 3. Bb5 {[%emt 0:00:00]} a6 {[%emt 0:00:15]} 4. Ba4 {[%emt 0:00:00]} Nf6 {[%emt 0:00:19]} 5. d3 {[%emt 0:00:00]} Bc5 {[%emt 0:03:21]} 6. O-O {[%emt 0:00:17]} b5 {[%emt 0:02:19]} 7. Bb3 {[%emt 0:00:07]} d6 {[%emt 0:00:15]} 8. c3 {[%emt 0:00:40]} O-O {[%emt 0:01:39]} 9. h3 {[%emt 0:01:06]} h6 {[%emt 0:01:39]} 10. Re1 {[%emt 0:00:26]} Re8 {[%emt 0:04:19]} 11. Nbd2 {[%emt 0:01:07]} Bb6 {[%emt 0:02:41] C78: Spanische Partie (Archangelsk- und Möller-Variante)} (11... Be6 12. Nf1 d5 13. Ng3 Bf8 14. Qe2 Na5 15. Bc2 dxe4 16. dxe4 Bc4 17. Qe3 Nb7 18. Rd1 Qc8 19. Nh2 {1-0 (48) Leko,P (2741)-Tkachiev,V (2664) Moscow 2008}) 12. Nf1 {[%emt 0:01:22]} Ne7 {[%emt 0:02:50]} 13. Nh4 {[%emt 0:03:27]} c5 $146 {[%emt 0:04:46]} ({Vorgänger:} 13... g5 14. Qf3 Kg7 15. Ng3 gxh4 16. Nh5+ Nxh5 17. Qxf7+ Kh8 18. Qxh5 Ng8 19. Bxh6 Qd7 20. Bf7 Rf8 {1-0 (20) Vovk,A (2614)-Anton,T (2435) Arad 2014}) 14. Qf3 {[%emt 0:01:28]} Nc6 {[%emt 0:03:35]} 15. Qg3 {[%emt 0:06:06]} Kf8 {[%emt 0:07:51]} 16. Ne3 {[%emt 0:06:23]} Ne7 {[%emt 0:16:32]} 17. Qf3 {[%emt 0:09:22]} Neg8 {[%emt 0:05:25]} 18. g4 {[%emt 0:18:34]} Be6 {[%emt 0:07:56]} 19. Nd5 {[%emt 0:01:06]} Rc8 {[%emt 0:05:56]} 20. g5 {[%emt 0:02:47]} hxg5 {[%emt 0:01:39]} 21. Bxg5 {[%emt 0:00:02]} Bxd5 {[%emt 0:03:58]} 22. Bxd5 {[%emt 0:00:24]} Qd7 {[%emt 0:02:34]} 23. Kh2 {[%emt 0:00:19]} Bd8 $18 {[%emt 0:04:25]} 24. Rg1 {[%emt 0:00:53]} Be7 {[%emt 0:03:18]} 25. Rg2 {[%emt 0:13:34]} Red8 {[%emt 0:01:49]} 26. Rag1 {[%emt 0:00:16]} Rc7 {[%emt 0:02:34]} 27. Qg3 {[%emt 0:05:46]} Nh5 {[%emt 0:02:02]} 28. Bxe7+ {[%emt 0:00:31]} Qxe7 {[%emt 0:00:52]} 29. Qg4 {[%emt 0:00:02]} Ngf6 {[%emt 0:01:39]} 30. Qg5 {[%emt 0:00:07]} Ke8 {[%emt 0:07:29]} 31. Nf5 {[%emt 0:01:00]} Qf8 {[%emt 0:00:21]} 32. Nxg7+ {[%emt 0:00:30]} Qxg7 {[%emt 0:00:41]} 33. Qxg7 {[%emt 0:00:30]} Nxg7 {[%emt 0:00:05]} 34. Rxg7 {[%emt 0:00:01]} Nxd5 {[%emt 0:00:26]} 35. exd5 {[%emt 0:00:02]} Ke7 {[%emt 0:00:10]} 36. Rh7 {[%emt 0:00:37]} Kf6 {[%emt 0:00:36]} 37. h4 {[%emt 0:00:11]} c4 {[%emt 0:00:50]} 38. Rh6+ {[%emt 0:00:14]} Ke7 {[%emt 0:00:35]} 39. d4 {[%emt 0:00:26]} exd4 {[%emt 0:00:35]} 40. cxd4 {[%emt 0:00:00]} b4 {[%emt 0:00:19]} 41. Rh7 {[%emt 0:00:33]} c3 {[%emt 0:02:31]} 42. bxc3 {[%emt 0:00:46]} bxc3 {[%emt 0:00:21]} 43. Rhg7 {[%emt 0:00:52]} Rh8 {[%emt 0:02:11]} 44. Kh3 {[%emt 0:00:22]} Rc4 {[%emt 0:04:00]} 45. R7g4 {[%emt 0:00:19]} c2 {[%emt 0:01:45]} 46. Rc1 {[%emt 0:00:40]} a5 {[%emt 0:04:31]} 47. Re4+ {[%emt 0:01:00]} Kf6 {[%emt 0:00:50]} 48. Kg4 {[%emt 0:00:24]} Kg6 {[%emt 0:00:55]} 49. Kf3 {[%emt 0:00:33]} 1/2-1/2

[Event "EYCC 2017"]
[Site "Mamaia"]
[Date "2017.09.12"]
[Round "7"]
[White "Alekseenko, Mariya"]
[Black "Bondareva, Daria"]
[Result "1/2-1/2"]
[WhiteElo "1731"]
[BlackElo "1754"]
[Annotator "NA RC"]
[PlyCount "50"]
[EventDate "2017.??.??"]
[EventType "swiss"]
[EventCountry "ROU"]
[SourceTitle "playchess.com"]
[Source "ChessBase"]
[SourceQuality "1"]
[TimeControl "40/5400+30:1800+30"]

1. c4 {[%emt 0:00:00]} e5 {[%emt 0:00:02]} 2. g3 {[%emt 0:00:00]} Nf6 {[%emt 0:00:16]} 3. Bg2 {[%emt 0:00:00]} c6 {[%emt 0:00:07]} 4. d4 {[%emt 0:00:00]} exd4 {[%emt 0:00:05]} 5. Qxd4 {[%emt 0:00:08]} d5 {[%emt 0:00:03]} 6. Nc3 {[%emt 0:02:53]} Be6 {[%emt 0:00:34]} 7. cxd5 {[%emt 0:00:51]} cxd5 {[%emt 0:00:18]} 8. Bg5 {[%emt 0:01:57]} Be7 {[%emt 0:07:50]} 9. Nf3 {[%emt 0:02:43]} Nc6 {[%emt 0:00:50]} 10. Qa4 {[%emt 0:01:03]} O-O {[%emt 0:02:24]} 11. O-O {[%emt 0:01:14]} h6 {[%emt 0:14:57]} 12. Bf4 {[%emt 0:00:44]} a6 {[%emt 0:05:06]} 13. Nd4 {[%emt 0:03:27]} Qb6 {[%emt 0:07:46]} 14. Nxc6 {[%emt 0:19:33]} bxc6 {[%emt 0:01:32]} 15. Qc2 {[%emt 0:02:31]} Rac8 {[%emt 0:04:53]} 16. Na4 {[%emt 0:07:50]} Qa7 {[%emt 0:01:48]} 17. Rac1 {[%emt 0:03:53]} c5 {[%emt 0:06:47]} 18. Rfd1 {[%emt 0:01:26]} Rfd8 {[%emt 0:03:31]} 19. Bd2 {[%emt 0:09:50]} a5 {[%emt 0:12:17]} 20. Qc3 {[%emt 0:02:27]} Rf8 {[%emt 0:00:39]} 21. b3 {[%emt 0:01:45]} Bd8 {[%emt 0:04:30]} 22. Bf4 {[%emt 0:07:26]} Be7 {[%emt 0:01:58]} 23. Bd2 {[%emt 0:00:15]} Bd8 {[%emt 0:00:11]} 24. Bf4 {[%emt 0:00:09]} Be7 {[%emt 0:00:22]} 25. Bd2 {[%emt 0:00:17]} Bd8 1/2-1/2